000 00770nam a22001937a 4500
999 _c371381
_d371381
008 201127b ||||| |||| 00| 0 eng d
040 _aDE-2950
_bger
_cDE-2950
_erda
041 _ager
245 _aGedenken an Amok-Opfer.
_bViadrina: Das Entsetzen ist groß nach der Tat auf dem Campus in Heidelberg. Wie steht es um die Sicherheit und Notfallpläne an der Europa-Universität?/.
_cJacqueline Westermann
264 _c2022
653 _aFrankfurt (Oder)
653 _aAmok Heidelberg
653 _aUniversität Viadrina
773 _dFrankfurt (Oder) Märkisches Verlags- und Druckhaus GmbH & Co KG
_tMärkische Oderzeitung
_g33. Jahrgang (2022) Nr. 21 vom 26.01.2022, S. 16
942 _cA